महामना मदनमोहन मालवीय / (Record no. 210750)

MARC details
000 -LEADER
fixed length control field 00808nam a22001817a 4500
005 - DATE AND TIME OF LATEST TRANSACTION
control field 20250403154204.0
010 ## - LCCN (DPL NO)
LC control number HIN-129586
020 ## - INTERNATIONAL STANDARD BOOK NUMBER
International Standard Book Number 9789380458823
Terms of availability 500.00
035 ## - SYSTEM CONTROL NUMBER
System control number HN-101932
037 ## - SOURCE OF ACQUISITION
Source of stock number/acquisition DBAD
082 ## - DEWEY DECIMAL CLASSIFICATION NUMBER
Classification number 921
100 ## - MAIN ENTRY--PERSONAL NAME
Personal name सिंह, शरद
245 ## - TITLE STATEMENT
Title महामना मदनमोहन मालवीय /
Statement of responsibility, etc शरद सिंह
Medium हिन्दी
260 ## - PUBLICATION, DISTRIBUTION, ETC. (IMPRINT)
Place of publication, distribution, etc नई दिल्ली
Name of publisher, distributor, etc सामयिक बुक्स
Date of publication, distribution, etc 2023
270 ## - ADDRESS
Address 3320-21, जटवाडा, दरियागंज, एन.एस. मार्ग,
City नई दिल्ली
Postal code 110002
Telephone number 9811607086, 011-23270715
Electronic mail address samayikprakashan@gmail.com
300 ## - PHYSICAL DESCRIPTION
Extent 191पृ.
Dimensions 22सेमी (सजिल्द )
942 ## - ADDED ENTRY ELEMENTS (KOHA)
Source of classification or shelving scheme Dewey Decimal Classification
Item type Hindi Books
Classification part 921
Call number suffix शरद
Edition प्रथम
Holdings
Withdrawn status Lost status Not for loan Home library Current library Date acquired Source of acquisition Cost, normal purchase price Full call number Barcode Copy number Cost, replacement price Koha item type
    Not For Loan D.B.Act.Division D.B.Act.Division 03/04/2025 DBAD 500.00 921 शरद HN-101932 1 500.00 Hindi Books

© Delhi Public Library
Hit Counter
free hit counter